Autofinanciamiento empresario y crecimiento económico (Registro nro. 15024)

Detalles MARC
000 -LEADER
fixed length control field 00367 a2200121 4500
001 - CONTROL NUMBER
control field ART_6969
005 - DATE AND TIME OF LATEST TRANSACTION
control field 20260410161659.0
008 - FIXED-LENGTH DATA ELEMENTS--GENERAL INFORMATION
fixed length control field 260409a
100 1# - MAIN ENTRY--PERSONAL NAME
Personal name Garegnani, Lorena
245 10 - TITLE STATEMENT
Title Autofinanciamiento empresario y crecimiento económico
700 1# - ADDED ENTRY--PERSONAL NAME
Personal name Bebczuk, Ricardo
773 0# - HOST ITEM ENTRY
Title Ensayos Económicos
Related parts - Nº 47 (abr./jun. 2007)
Record control number REV620

No hay ítems disponibles.